| Поле | Инд. | ПП | Название | Значение |
|---|---|---|---|---|
| Тип записи | a | |||
| Библиографический уровень | b | |||
| 001 | Контрольный номер | RU/IS/BASE/109704581 | ||
| 005 | Дата корректировки | 20200526192509.8 | ||
| 084 | a | Индекс другой классификации/Индекс ББК | 60.023; 60.032.2 | |
| 100 | 1_ | a | Автор | Левашов В. К. |
| q | Полное имя | Левашов Виктор Константинович | ||
| 245 | a | Заглавие | Глобализация и устойчивое развитие | |
| 504 | a | Библиография | Библиогр. ссылки. - Примеч. | |
| 600 | a | Персоналии | Вернадский Владимир Иванович | |
| 650 | a | Основная рубрика | социальная философия | |
| a | Основная рубрика | философия истории | ||
| 653 | a | Ключевые слова | взаимодействие культур | |
| a | Ключевые слова | глобализация | ||
| a | Ключевые слова | глобализм | ||
| a | Ключевые слова | глобальная безопасность | ||
| a | Ключевые слова | глобальная социальная безопасность | ||
| a | Ключевые слова | глобальное общество | ||
| a | Ключевые слова | глобальные социальные отношения | ||
| a | Ключевые слова | коэволюция | ||
| a | Ключевые слова | мировая цивилизация | ||
| a | Ключевые слова | мировое развитие | ||
| a | Ключевые слова | мифологическое мировидение | ||
| a | Ключевые слова | натуралистическое мировидение | ||
| a | Ключевые слова | ноосфера | ||
| a | Ключевые слова | ноосферное мировоззрение | ||
| a | Ключевые слова | общественное развитие | ||
| a | Ключевые слова | общество | ||
| a | Ключевые слова | политическая безопасность | ||
| a | Ключевые слова | природа | ||
| a | Ключевые слова | природные катастрофы | ||
| a | Ключевые слова | современное общество | ||
| a | Ключевые слова | социальное мировидение | ||
| a | Ключевые слова | социально-политическая стратегия | ||
| a | Ключевые слова | социальные катастрофы | ||
| a | Ключевые слова | социальные отношения | ||
| a | Ключевые слова | стратегия либерального фундаментализма | ||
| a | Ключевые слова | стратегия олигархического автаркизма | ||
| a | Ключевые слова | стратегия социальной солидарности | ||
| a | Ключевые слова | сущность глобализации | ||
| a | Ключевые слова | теологическое мировидение | ||
| a | Ключевые слова | технический прогресс | ||
| a | Ключевые слова | устойчивое развитие | ||
| a | Ключевые слова | человек | ||
| a | Ключевые слова | экологические катастрофы | ||
| 773 | t | Заглавие источника | Устойчивое развитие. Наука и практика | |
| d | Дата издания источника | 2002 | ||
| g | Прочая информация | № 1. - С. 19 - 38 | ||
| w | Контрольный № источника | RU/IS/BASE/109089911 | ||
| 901 | t | Тип документа | b |